[Event "Cambridge op 2nd"]
[Site "Cambridge"]
[Date "2024.02.23"]
[Round "7"]
[White "O'Shea, Colm"]
[Black "Simpson, Ben"]
[Result "0-1"]
[WhiteElo "1729"]
[BlackElo "1873"]
[PlyCount "70"]
[EventDate "2024.02.19"]
[EventType "swiss"]
[EventRounds "9"]
[EventCountry "ENG"]
[SourceTitle "CB09_2024"]
[SourceDate "2024.02.28"]
[SourceVersion "1"]
[SourceVersionDate "2024.02.28"]
[SourceQuality "1"]

1. e4 e5 2. Nf3 Nc6 3. Bc4 Bc5 4. c3 Nf6 5. d3 a5 6. 0-0 d6 7. Re1 Ba7 8. Nbd2 Ne7 9. Nf1 Ng6 10. d4 0-0 11. h3 c6 12. Bb3 h6 13. Ng3 Be6 14. Bxe6 fxe6 15. Qb3 Qd7 16. dxe5 a4 17. Qc2 dxe5 18. Be3 Qc7 19. Bxa7 Rxa7 20. Rad1 Qa5 21. Re3 Nf4 22. c4 g5 23. c5 g4 24. hxg4 Nxg4 25. Ra3 b5 26. cxb6 Qxb6 27. Rd2 Rg7 28. Ne1 h5 29. Rf3 h4 30. Nf1 h3 31. g3 Qb5 32. Nh2 Nxh2 33. Kxh2 Qf1 34. Rd1 Ne2 35. Rxf8+ Kh7 0-1

[Event "Cambridge op 2nd"]
[Site "Cambridge"]
[Date "2024.02.19"]
[Round "2"]
[White "Ismail, Mohammed Aayan"]
[Black "Simpson, Ben"]
[Result "0-1"]
[WhiteElo "2111"]
[BlackElo "1873"]
[PlyCount "124"]
[EventDate "2024.02.19"]
[EventType "swiss"]
[EventRounds "9"]
[EventCountry "ENG"]
[SourceTitle "CB09_2024"]
[SourceDate "2024.02.28"]
[SourceVersion "1"]
[SourceVersionDate "2024.02.28"]
[SourceQuality "1"]

1. c4 e5 2. Nc3 Nf6 3. Nf3 Nc6 4. g3 Bb4 5. Bg2 0-0 6. 0-0 e4 7. Ng5 Bxc3 8. bxc3 Qe7 9. d3 exd3 10. exd3 Re8 11. Bf4 h6 12. Nf3 d6 13. Re1 Qf8 14. Rxe8 Nxe8 15. Rb1 Rb8 16. Nd4 Nxd4 17. cxd4 g5 18. Bc1 b6 19. Qa4 a5 20. Bb2 Qe7 21. d5 Bf5 22. Qc2 f6 23. Qc3 Qh7 24. Bf1 Rd8 25. Re1 Qg6 26. Re3 Kf8 27. h3 h5 28. Qd4 g4 29. hxg4 hxg4 30. Bg2 Rd7 31. Kf1 Re7 32. Ke2 Kf7 33. Kd2 Ng7 34. Bf1 Qg5 35. Ke2 Bd7 36. Rxe7+ Kxe7 37. Qe4+ Kf7 38. Qh7 Qf5 39. Qh8 Qf3+ 40. Ke1 Bf5 41. Qh6 Bg6 42. Be2 Qf5 43. Qh8 Qg5 44. Qd8 Ne8 45. Qd7+ Kf8 46. Bd4 Qc1+ 47. Bd1 Bxd3 48. Qxg4 Qxc4 49. Qf4 Qb4+ 50. Qd2 Qxd4 51. Qh6+ Kf7 52. Bh5+ Ke7 53. f4 Qc3+ 54. Kd1 Bc2+ 55. Ke2 Qd3+ 56. Kf2 Qh7 57. Qxh7+ Bxh7 58. Ke3 Bb1 59. a3 Ng7 60. Bf3 Nf5+ 61. Kf2 Nd4 62. Bg2 Nb5 0-1

[Event "London Classic op 7th"]
[Site "London"]
[Date "2015.12.10"]
[Round "8"]
[White "Simpson, Ben"]
[Black "Chilton, James I"]
[Result "1-0"]
[WhiteElo "1865"]
[BlackElo "1742"]
[PlyCount "53"]
[EventDate "2015.12.04"]
[EventType "swiss"]
[EventRounds "9"]
[EventCountry "ENG"]
[SourceTitle "CBM 169 Extra"]
[Source "ChessBase"]
[SourceDate "2015.12.18"]
[SourceVersion "1"]
[SourceVersionDate "2015.12.18"]
[SourceQuality "1"]

1. d4 Nf6 2. c4 e6 3. Nf3 d5 4. Nc3 c6 5. Bf4 Bd6 6. Bxd6 Qxd6 7. e3 0-0 8. Bd3 dxc4 9. Bxc4 b5 10. Bd3 b4 11. Na4 Nbd7 12. 0-0 a5 13. e4 e5 14. Re1 Re8 15. dxe5 Nxe5 16. Nxe5 Qxe5 17. Nb6 Bg4 18. Qc2 Rad8 19. Nc4 Qd4 20. Re3 Bf5 21. exf5 Rxe3 22. Nxe3 Qxd3 23. Rd1 Qxd1+ 24. Nxd1 Ne4 25. Kf1 Kf8 26. Ne3 b3 27. Qxe4 1-0

[Event "London Classic op 7th"]
[Site "London"]
[Date "2015.12.08"]
[Round "6"]
[White "Simpson, Ben"]
[Black "Cannon, Raymond Charles"]
[Result "1/2-1/2"]
[WhiteElo "1865"]
[BlackElo "1985"]
[PlyCount "100"]
[EventDate "2015.12.04"]
[EventType "swiss"]
[EventRounds "9"]
[EventCountry "ENG"]
[SourceTitle "CBM 169 Extra"]
[Source "ChessBase"]
[SourceDate "2015.12.18"]
[SourceVersion "1"]
[SourceVersionDate "2015.12.18"]
[SourceQuality "1"]

1. d4 Nf6 2. c4 d6 3. Nf3 Nbd7 4. Nc3 e5 5. d5 Be7 6. e4 Nc5 7. Nd2 a5 8. Be2 0-0 9. 0-0 Ne8 10. Bg4 Nd3 11. Bxc8 Qxc8 12. Nf3 Nxc1 13. Rxc1 b6 14. a3 g6 15. b4 axb4 16. axb4 Qg4 17. c5 bxc5 18. bxc5 f5 19. h3 Qh5 20. Qb3 fxe4 21. Nxe4 Qf5 22. cxd6 Bxd6 23. Nc5 e4 24. Nh2 h5 25. Ne6 Qe5 26. g3 Rf5 27. Qb5 Qxd5 28. Qxd5 Rxd5 29. Rfe1 Re5 30. Nf4 Kf7 31. Nf1 Nf6 32. Nd2 g5 33. Ng2 Ra2 34. Nc4 Rf5 35. Rf1 Nd5 36. Nge3 Nxe3 37. Nxe3 Ke6 38. Nxf5 Kxf5 39. Rfd1 e3 40. fxe3 Bxg3 41. Rc3 Ke4 42. Rd4+ Kf3 43. e4+ Kf4 44. Rdc4 Bf2+ 45. Kf1 Bb6 46. Rd3 Rf2+ 47. Ke1 Rg2 48. Kf1 Rf2+ 49. Ke1 Rg2 50. Kf1 Rf2+ 1/2-1/2

[Event "London Classic op 7th"]
[Site "London"]
[Date "2015.12.06"]
[Round "4"]
[White "Simpson, Ben"]
[Black "Jameson, David"]
[Result "0-1"]
[WhiteElo "1865"]
[BlackElo "2088"]
[PlyCount "102"]
[EventDate "2015.12.04"]
[EventType "swiss"]
[EventRounds "9"]
[EventCountry "ENG"]
[SourceTitle "CBM 169 Extra"]
[Source "ChessBase"]
[SourceDate "2015.12.18"]
[SourceVersion "1"]
[SourceVersionDate "2015.12.18"]
[SourceQuality "1"]

1. d4 d5 2. c4 c6 3. Nf3 Nf6 4. e3 e6 5. Qc2 Nbd7 6. b3 Be7 7. Bd3 h6 8. 0-0 0-0 9. Nbd2 b6 10. Bb2 Bb7 11. Ne5 Nxe5 12. dxe5 Nd7 13. f4 f5 14. exf6 Bxf6 15. Nf3 Bxb2 16. Qxb2 Qf6 17. Qxf6 Rxf6 18. Rac1 c5 19. Rcd1 Rd8 20. g3 Nb8 21. cxd5 exd5 22. e4 Rff8 23. exd5 Bxd5 24. Ne5 Nc6 25. Nxc6 Bxc6 26. Bc4+ Kh7 27. a4 Rfe8 28. Kf2 g6 29. Rfe1 Rxd1 30. Rxd1 Re7 31. Rd6 Be8 32. g4 Kg7 33. f5 Rd7 34. f6+ Kf8 35. Rd5 Rxd5 36. Bxd5 Bf7 37. Be4 Bxb3 38. Bxg6 Bxa4 39. h4 Be8 40. Bxe8 Kxe8 41. g5 hxg5 42. hxg5 a5 43. Ke3 a4 44. Kd3 b5 45. g6 a3 46. Kc3 b4+ 47. Kb3 Kf8 48. f7 Kg7 49. Ka2 c4 50. Kb1 b3 51. Ka1 c3 0-1

[Event "London Classic op 7th"]
[Site "London"]
[Date "2015.12.05"]
[Round "3"]
[White "Wecker, Martin"]
[Black "Simpson, Ben"]
[Result "1-0"]
[WhiteElo "2161"]
[BlackElo "1865"]
[PlyCount "89"]
[EventDate "2015.12.04"]
[EventType "swiss"]
[EventRounds "9"]
[EventCountry "ENG"]
[SourceTitle "CBM 169 Extra"]
[Source "ChessBase"]
[SourceDate "2015.12.18"]
[SourceVersion "1"]
[SourceVersionDate "2015.12.18"]
[SourceQuality "1"]

1. Nf3 Nf6 2. c4 g6 3. g3 Bg7 4. Bg2 0-0 5. d4 d6 6. 0-0 c6 7. Nc3 Qa5 8. e4 Bg4 9. h3 Bxf3 10. Bxf3 e5 11. d5 cxd5 12. cxd5 Rc8 13. a3 Qd8 14. Be3 a5 15. Na4 Nbd7 16. Qd3 Nc5 17. Nxc5 dxc5 18. Rac1 b6 19. Rfd1 Qd6 20. Bg2 Nh5 21. h4 Rf8 22. Bh3 f5 23. Bd2 fxe4 24. Qxe4 Nf6 25. Qc4 Rad8 26. Bg5 Kh8 27. Be6 h6 28. Be3 e4 29. Bf4 Qe7 30. Be5 Rxd5 31. Rxd5 Qxe6 32. Rxc5 Qf5 33. Rb5 e3 34. fxe3 Qh3 35. Rf1 Kh7 36. Qe2 Ne4 37. Rxf8 Bxe5 38. Qg2 Qxg3 39. Qxg3 Bxg3 40. Re8 Nd6 41. Re7+ Kg8 42. Rxb6 Nf5 43. Rxg6+ Kf8 44. Ree6 Bxh4 45. Ref6+ 1-0

[Event "London Classic op 7th"]
[Site "London"]
[Date "2015.12.04"]
[Round "1"]
[White "Chen, Pengyu"]
[Black "Simpson, Ben"]
[Result "1-0"]
[WhiteElo "2289"]
[BlackElo "1865"]
[PlyCount "55"]
[EventDate "2015.12.04"]
[EventType "swiss"]
[EventRounds "9"]
[EventCountry "ENG"]
[SourceTitle "CBM 169 Extra"]
[Source "ChessBase"]
[SourceDate "2015.12.18"]
[SourceVersion "1"]
[SourceVersionDate "2015.12.18"]
[SourceQuality "1"]

1. e4 c5 2. c3 d5 3. exd5 Qxd5 4. Nf3 Nf6 5. d4 Nc6 6. dxc5 Qxc5 7. Be3 Qa5 8. Na3 e5 9. Nc4 Qc7 10. Qa4 Nd5 11. Ncxe5 Nxe3 12. fxe3 Bd6 13. Nxc6 bxc6 14. Qe4+ Kf8 15. Bc4 Bd7 16. 0-0-0 Bc5 17. Bxf7 Bf5 18. Qxf5 Bxe3+ 19. Kc2 Qxf7 20. Qxf7+ Kxf7 21. Ne5+ Ke6 22. Nxc6 Bg5 23. Rhe1+ Kf5 24. Rd5+ Kg6 25. Ne5+ Kf6 26. Rd6+ Kf5 27. Nf7 Rhe8 28. Rd5+ 1-0

[Event "Hampstead op 30th"]
[Site "Hampstead"]
[Date "2015.07.05"]
[Round "3"]
[White "Barasi, Paul Dl"]
[Black "Simpson, Ben"]
[Result "1-0"]
[WhiteElo "1776"]
[BlackElo "1878"]
[PlyCount "69"]
[EventDate "2015.07.04"]
[EventType "swiss"]
[EventRounds "5"]
[EventCountry "ENG"]
[SourceTitle "CBM 167 Extra"]
[Source "ChessBase"]
[SourceDate "2015.09.14"]
[SourceVersion "1"]
[SourceVersionDate "2015.09.14"]
[SourceQuality "1"]

1. d4 Nf6 2. Bg5 e6 3. e4 h6 4. Bxf6 Qxf6 5. c3 d6 6. Qd2 e5 7. Ne2 Qg6 8. Ng3 Be7 9. h4 h5 10. Na3 Bg4 11. Nc4 Nd7 12. Ne3 Qh6 13. f3 exd4 14. cxd4 Be6 15. d5 Qf4 16. Ne2 Bxh4+ 17. Kd1 Qf6 18. dxe6 fxe6 19. f4 Bf2 20. Ng4 0-0-0 21. Nxf6 Nxf6 22. Nc3 Ng4 23. Rh3 d5 24. exd5 Bc5 25. Be2 Nf2+ 26. Kc2 Nxh3 27. gxh3 exd5 28. Bd3 Bb4 29. a3 Be7 30. Qe3 Bf6 31. Qxa7 c6 32. Na4 Rhe8 33. Bf5+ Kc7 34. Nc5 Rb8 35. Na6+ 1-0

[Event "Hampstead op 30th"]
[Site "Hampstead"]
[Date "2015.07.04"]
[Round "1"]
[White "Peiris, TGM"]
[Black "Simpson, Ben"]
[Result "1-0"]
[WhiteElo "2114"]
[BlackElo "1878"]
[PlyCount "85"]
[EventDate "2015.07.04"]
[EventType "swiss"]
[EventRounds "5"]
[EventCountry "ENG"]
[SourceTitle "CBM 167 Extra"]
[Source "ChessBase"]
[SourceDate "2015.09.14"]
[SourceVersion "1"]
[SourceVersionDate "2015.09.14"]
[SourceQuality "1"]

1. e4 c5 2. Nf3 d6 3. d4 cxd4 4. Nxd4 Nf6 5. Nc3 a6 6. Bg5 e6 7. f4 Be7 8. Qf3 Nbd7 9. 0-0-0 Qc7 10. g4 h6 11. Bxf6 Bxf6 12. h4 g5 13. hxg5 hxg5 14. Rxh8+ Bxh8 15. f5 Ne5 16. Qh3 Bf6 17. Qh5 Qe7 18. fxe6 Bxe6 19. Nf5 Bxf5 20. exf5 Nf3 21. Nd5 Qe5 22. Nxf6+ Qxf6 23. Qh1 Ne5 24. Qxb7 Rd8 25. Qxa6 Kf8 26. Be2 Kg8 27. a4 Rb8 28. Qxd6 Nd3+ 29. Rxd3 Qxb2+ 30. Kd2 Re8 31. Qd4 Qb7 32. a5 Qc7 33. Rh3 Qxa5+ 34. Kd1 Re5 35. Ra3 Qc7 36. Ra8+ Kg7 37. f6+ Kg6 38. Bd3+ Kxf6 39. Re8 Qa5 40. Qxe5+ Qxe5 41. Rxe5 Kxe5 42. Ke2 Kf4 43. Bf5 1-0

[Event "Reykjavik op"]
[Site "Reykjavik"]
[Date "2015.03.16"]
[Round "8"]
[White "Johannsson, Orn Leo"]
[Black "Simpson, Ben"]
[Result "1-0"]
[WhiteElo "2107"]
[BlackElo "1843"]
[PlyCount "79"]
[EventDate "2015.03.10"]
[EventType "swiss"]
[EventRounds "10"]
[EventCountry "ISL"]
[SourceTitle "CBM 165 Extra"]
[Source "ChessBase"]
[SourceDate "2015.04.21"]
[SourceVersion "1"]
[SourceVersionDate "2015.04.21"]
[SourceQuality "1"]

1. e4 c5 2. Nf3 d6 3. Bb5+ Nd7 4. 0-0 a6 5. Bc4 Ngf6 6. d3 e6 7. a4 Be7 8. a5 0-0 9. Nc3 Nb8 10. e5 Ne8 11. exd6 Nxd6 12. Be3 Nxc4 13. dxc4 Nc6 14. Qxd8 Rxd8 15. Na4 Nd4 16. Nb6 Rb8 17. Rad1 e5 18. Nxe5 Bf6 19. Nd3 Bg4 20. Rd2 Nxc2 21. Bf4 Rxd3 22. Rxd3 Be2 23. Rd2 Re8 24. Rxc2 Bxf1 25. Kxf1 Re4 26. Be3 Bd4 27. Rd2 f6 28. Bxd4 cxd4 29. Rd3 Kf7 30. f3 Rf4 31. g3 Rf5 32. b4 Ke6 33. Kf2 Rh5 34. h4 g5 35. Rxd4 gxh4 36. Rxh4 Rxh4 37. gxh4 f5 38. Ke3 Ke5 39. f4+ Kf6 40. Na4 1-0